| 000 | 00984nam a22002777a 4500 | ||
|---|---|---|---|
| 001 | 9395 | ||
| 003 | FISKH | ||
| 005 | 20251218164314.0 | ||
| 008 | 251218b cb ||||| |||| 00| 0 eng d | ||
| 020 | _a9780545650380 | ||
| 040 |
_aFISKH _beng _cFISKH _dFISKH |
||
| 050 | _aPZ7.F59918 M | ||
| 082 | _a813.6 | ||
| 100 |
_aFleischman, Paul _eAuthor |
||
| 245 |
_aThe match box diary / _cPaul Fleischman ; Illustrated by Bagram Ibatoulline |
||
| 260 |
_aNew York : _bScholastic Inc. , _c2013 |
||
| 300 |
_a40 unnumbered pages : _bcolor illustrations ; _c25 cm |
||
| 505 | _aR | ||
| 520 | _aFollow a girl's perusal of her great-grandfather's collection of matchboxes and small curios that document his poignant immigration journey from Italy to a new country. | ||
| 521 | 8 |
_a720
_bLexile estimate |
|
| 521 | 8 |
_aR
_bRaz-Plus |
|
| 650 |
_aFamily history _vGrandfather and granddaughter |
||
| 700 |
_aIbatoulline, Bagram _eIllustrator |
||
| 942 |
_2ddc _cBK _n0 |
||
| 999 |
_c9395 _d9395 |
||